| 000 | 00615nam a2200181 a 4500 | ||
|---|---|---|---|
| 001 | 000020613 | ||
| 005 | 20250228152923.0 | ||
| 008 | 100811s2017 dr a r 000 0 spa d | ||
| 040 |
_aDO-SdBNP _bspa _cBNPHU |
||
| 082 |
_axxxx _bP328h |
||
| 100 | 1 |
_aPaulino, Gianni _943339 |
|
| 245 | 1 | 0 |
_aHola Vejez : _buna guía para vivir muchos años / _cGianni Paulino ; prólogo Efraím Castillo. |
| 250 | _a2a ed. | ||
| 260 |
_aSanto Domingo : _bAFP Popular ; _bFundación Manos Arrugadas, _c2017. |
||
| 300 |
_a146 p. : _bil. ; _c23 cm. |
||
| 590 | _aInventariado, 2020/BT | ||
| 700 | 1 |
_aCastillo, Efraím, _d1940- _epról. _928022 |
|
| 999 |
_c20117 _d20117 |
||